| Tag |
First Indicator |
Second Indicator |
Subfields |
| LEADER |
00000cam a2200000Ma 4500 |
| 001 |
in00003540921 |
| 006 |
m o d |
| 007 |
cr nn||||||||| |
| 008 |
121227s1995 mau o 000 0 eng d |
| 005 |
20260422201755.2 |
| 020 |
|
|
|a 9781461523697 (electronic bk.)
|
| 020 |
|
|
|a 1461523699 (electronic bk.)
|
| 035 |
|
|
|a (OCoLC)840284135
|
| 040 |
|
|
|a I9W
|b eng
|e pn
|c I9W
|d OCLCQ
|d UV0
|d OCLCO
|d GW5XE
|d UtOrBLW
|
| 049 |
|
|
|a TXAM
|
| 050 |
|
4 |
|a TP248.65.F66
|
| 082 |
0 |
4 |
|a 641.3
|2 23
|
| 100 |
1 |
|
|a White, P.
|
| 245 |
1 |
0 |
|a Integrated Solid Waste Management: A Lifecycle Inventory /
|c by P. White, M. Franke, P. Hindle.
|
| 264 |
|
1 |
|a Boston, MA :
|b Springer US,
|c 1995.
|
| 300 |
|
|
|a 1 online resource (362 pages)
|
| 336 |
|
|
|a text
|b txt
|2 rdacontent
|
| 337 |
|
|
|a computer
|b c
|2 rdamedia
|
| 338 |
|
|
|a online resource
|b cr
|2 rdacarrier
|
| 500 |
|
|
|a Electronic resource.
|
| 650 |
|
0 |
|a Chemistry.
|
| 650 |
|
0 |
|a Food science.
|
| 655 |
|
7 |
|a Electronic books.
|2 local
|
| 700 |
1 |
|
|a Franke, M.
|
| 700 |
1 |
|
|a Hindle, P.
|
| 710 |
2 |
|
|a SpringerLink (Online service)
|
| 856 |
4 |
0 |
|u http://proxy.library.tamu.edu/login?url=https://link.springer.com/10.1007/978-1-4615-2369-7
|z Connect to the full text of this electronic book
|t 0
|
| 994 |
|
|
|a 92
|b TXA
|
| 999 |
|
|
|a MARS
|
| 999 |
f |
f |
|s 58223a60-2ea6-3c55-8020-e703c77f6162
|i 998efb26-9e00-3d4f-82d8-daae7f247266
|t 0
|
| 952 |
f |
f |
|a Texas A&M University
|b College Station
|c Electronic Resources
|s www_evans
|d Available Online
|t 0
|e TP248.65.F66
|h Library of Congress classification
|
| 998 |
f |
f |
|a TP248.65.F66
|t 0
|l Available Online
|